|
|
|
|
| LEADER |
00000nam0a2200000 4500 |
| 001 |
186686 |
| 005 |
20231101224013.0 |
| 010 |
|
|
|a 9785392017027
|
| 035 |
|
|
|a (RuTPU)RU\TPU\book\202546
|
| 090 |
|
|
|a 186686
|
| 100 |
|
|
|a 20101102d2011 m y0rusy50 ca
|
| 101 |
0 |
|
|a rus
|
| 102 |
|
|
|a RU
|
| 105 |
|
|
|a y j 001zy
|
| 200 |
1 |
|
|a Культурология
|e учебник
|f Санкт-Петербургский государственный университет культуры и искусств (СПбГУКИ), Кафедра теории и истории культуры ; под ред. С. Н. Иконниковой ; В. П. Большакова
|
| 210 |
|
|
|a Москва
|c Проспект
|d 2011
|
| 215 |
|
|
|a 528 с.
|
| 320 |
|
|
|a Библиогр.: с. 520-523.
|
| 320 |
|
|
|a Словарь: с. 503-519.
|
| 330 |
|
|
|a Данный учебник ориентирован на всех изучающих культурологию как общую или специальную учебную дисциплину. Он может быть полезен и тем, кто осваивает отдельные культурологические курсы, такие как теория и история культуры, философия, социология, семиотика культуры, культура повседневности. В книге рассмотрены существенные особенности современной мировой и отечественной культуры и проблемы прикладной культурологии. Авторы стремились, сохраняя высокий научный уровень, достичь простоты и ясности изложения учебного материала.
|
| 606 |
1 |
|
|a Культурология
|2 stltpush
|3 (RuTPU)RU\TPU\subj\67420
|9 83233
|
| 610 |
1 |
|
|a методология
|
| 610 |
1 |
|
|a культура
|
| 610 |
1 |
|
|a общество
|
| 610 |
1 |
|
|a социальная культурология
|
| 610 |
1 |
|
|a личность
|
| 610 |
1 |
|
|a антропологическая культурология
|
| 610 |
1 |
|
|a межкультурные коммуникации
|
| 610 |
1 |
|
|a культура повседневности
|
| 610 |
1 |
|
|a культура общения
|
| 610 |
1 |
|
|a семиотика
|
| 610 |
1 |
|
|a знаковые системы
|
| 610 |
1 |
|
|a историческая культурология
|
| 610 |
1 |
|
|a культурогенез
|
| 610 |
1 |
|
|a первобытная культура
|
| 610 |
1 |
|
|a древние цивилизации
|
| 610 |
1 |
|
|a античный мир
|
| 610 |
1 |
|
|a средневековый период
|
| 610 |
1 |
|
|a Новое время
|
| 610 |
1 |
|
|a Западная Европа
|
| 610 |
1 |
|
|a 20 век
|
| 610 |
1 |
|
|a 21 век
|
| 610 |
1 |
|
|a русская культура
|
| 610 |
1 |
|
|a практическая культурология
|
| 610 |
1 |
|
|a учебные пособия
|
| 686 |
|
|
|a Ч111я73
|v LBC/SL-A
|2 rubbk
|
| 702 |
|
1 |
|a Иконникова
|b С. Н.
|g Светлана Николаевна
|4 340
|
| 702 |
|
1 |
|a Большаков
|b В. П.
|g Валерий Павлович
|4 340
|
| 712 |
0 |
2 |
|a Санкт-Петербургский государственный университет культуры и искусств (СПбГУКИ)
|b Кафедра теории и истории культуры
|2 stltpush
|3 (RuTPU)RU\TPU\col\435
|
| 801 |
|
1 |
|a RU
|b 63413507
|c 20101102
|
| 801 |
|
2 |
|a RU
|b 63413507
|c 20150609
|g RCR
|
| 900 |
|
|
|a Культурология
|
| 942 |
|
|
|c BK
|
| 959 |
|
|
|a 72/20101012
|d 2
|e 170,00
|f АНЛ:1
|f ЧЗГЛ:1
|